Malorozponové strešné štruktúry z bambusu

Bibliographic Details
Main Author: Vranka, Anton, 1936- (Author)
Format: Article
Language:Slovak
PhysicalDescription:Fotogr., sch.
ISSN:1336-524X
Subjects:

MARC

LEADER 00000nab a2200000 ar4500
001 vtls008984911
003 SK-MaSNL
005 20260303065412.0
008 070427c2006 xo |||||||||||000 b|slo
015 |a SNBRB2007/04  |2 snkbucl 
038 |a SNKBUCL 
040 |a SNKBUCL  |b slo  |c SNKBUCL  |e AACR2 
041 0 |a slo  |b eng  |b slo 
044 |a xo  |c SK 
080 |a 692.415:691.15:582.542.11  |2 1997 
080 |a 691.15:582.542.11  |2 1997 
080 |a 514.8  |2 1997 
100 1 |a Vranka, Anton,  |d 1936-  |4 aut  |9 214839 
245 1 0 |a Malorozponové strešné štruktúry z bambusu  |c Anton Vranka 
246 3 1 |a Small-size roof constructions 
300 |b Fotogr., sch. 
504 |a Bibliogr. odkazy 
546 |a Res. angl., slov. 
650 0 7 |a strešné konštrukcie  |2 snkbucl  |9 612880 
650 0 7 |a bambusové strešné konštrukcie  |2 snkbucl  |9 1065401 
650 0 7 |a geometria  |2 snkbucl  |9 829 
650 0 7 |a navrhovanie  |2 snkbucl  |9 278395 
773 0 |t G : slovenský časopis pre geometriu a grafiku  |g Roč. 3, č. 6 (2006), s. 57-74  |x 1336-524X 
852 |a SNK  |b KIS3GCP 
958 |a NB 
999 |c 1751061  |d 1752991